Normal view
MARC view
- Horngren,Charles T / Sundem,Gary L / Elliott,John A
Entry Personal Name
001 - CONTROL NUMBER
- control field: 3403
003 - CONTROL NUMBER IDENTIFIER
- control field: JO-AjAnu
005 - DATE AND TIME OF LATEST TRANSACTION
- control field: 20230606070848.0
008 - FIXED-LENGTH DATA ELEMENTS
- fixed length control field: 230606|| aca||aabn | a|a d
040 ## - CATALOGING SOURCE
- Original cataloging agency: JO-AjAnu
- Transcribing agency: JO-AjAnu
100 ## - HEADING--PERSONAL NAME
- Personal name: Horngren,Charles T / Sundem,Gary L / Elliott,John A
670 ## - SOURCE DATA FOUND
- Source citation: Work cat.: (JO-AjAnu)1777: Horngren,Charles T / Sundem,Gary L / Elliott,John A, author, Introduction to Financial Accounting